| 000 | 01213cam a2200325 4500 | ||
|---|---|---|---|
| 001 | WB3812-01 | ||
| 008 | 020404n2002 000 0 eng u | ||
| 035 | _a(Sirsi) u117342 | ||
| 245 | _aEconomic forecast: Construction output | ||
| 260 | _c2002 | ||
| 490 |
_aRICS Economic Forecasts _v Issue 1 March 2002 |
||
| 490 |
_aRICS Press Release _v(pr041) 28 March 2002 |
||
| 490 |
_aRICS Press Release _v(pr042) 5 April 2002, (6) |
||
| 520 | _aRICS reports that construction output is forecast to rise by 0.8% in 2002 and 1.4% in 2003, compared to 3.5% in 2001. This is despite a slowdown in construction, led by the commercial and industrial sectors. This information is based on DTI figures, and macroeconomic forecasts provided by Oxford Economic Forecasting. Tables. Graphs. | ||
| 590 | _aWB | ||
| 650 | _aECONOMIC FORECASTS | ||
| 650 | _aCONSTRUCTION MARKET | ||
| 650 | _aRICS SURVEYS | ||
| 650 | _aCONSTRUCTION OUTPUT | ||
| 650 | _aWAGES | ||
| 650 | _aCAPITAL SPENDING | ||
| 650 |
_aInfrastructure _96246 |
||
| 650 | _aFORECASTS | ||
| 650 | _aBUILT ENVIRONMENT | ||
| 650 | _aSTATISTICS | ||
| 650 | _aECONOMICS | ||
| 650 | _aMACROECONOMICS | ||
| 690 | _aBUILT ENVIRONMENT | ||
| 942 | _n0 | ||
| 999 |
_c69908 _d69908 |
||